| 000 | 00562nam a2200217Ia 4500 | ||
|---|---|---|---|
| 008 | 160303s9999 xx 000 0 und d | ||
| 020 | _a971-08-6694-X | ||
| 050 | _aFIL BC 71 | ||
| 050 | _b.N47 2007 | ||
| 100 | _aNery, Maria Imelda Nabor- | ||
| 245 | _aFundamentals of logic / | ||
| 245 | _cMaria Imelda Nabor-Nery. | ||
| 260 | _aMandaluyong: | ||
| 260 | _bNational Book Store, | ||
| 260 | _c2007 | ||
| 300 | _a229 pages : | ||
| 300 | _billustrations ; | ||
| 300 | _c25 cm. | ||
| 500 | _aIncludes bibliographical references. | ||
| 650 | _aLogic. | ||
| 999 |
_c291177 _d291177 |
||